[Event "Madrid Oliver Gonzalez Memorial 1st"]
[Site "Madrid"]
[Date "2010.10.16"]
[Round "8"]
[White "Minondo Torres, Alvaro"]
[Black "Blanco Sanchez, Jose Fernando"]
[Result "0-1"]
[WhiteElo "1839"]
[BlackElo "2123"]
[PlyCount "44"]
[EventDate "2010.10.09"]
[EventType "swiss"]
[EventRounds "9"]
[EventCountry "ESP"]
[SourceTitle "CBM 138 Extra"]
[Source "ChessBase"]
[SourceDate "2010.10.29"]
[SourceVersion "1"]
[SourceVersionDate "2010.10.29"]
[SourceQuality "1"]

1. d4 Nf6 2. Nf3 d6 3. h3 Nbd7 4. Bf4 g6 5. c4 Bg7 6. Nc3 0-0 7. Qd2 Re8 8. 0-0-0 c5 9. Bh6 cxd4 10. Nxd4 Bh8 11. f4 Nc5 12. g4 a6 13. Bg2 Rb8 14. f5 e5 15. fxe6 Nxe6 16. Nxe6 Bxe6 17. Qxd6 Qa5 18. Bd5 Bxd5 19. Nxd5 Nxd5 20. Qxd5 Qxa2 21. Qxf7+ Kxf7 22. Rd7+ Kg8 0-1

[Event "Moratalaz op 21st"]
[Site "Madrid"]
[Date "2008.09.20"]
[Round "1"]
[White "Di Berardino, Diego Rafael"]
[Black "Minondo Torres, Alvaro"]
[Result "1-0"]
[WhiteElo "2471"]
[BlackElo "1899"]
[PlyCount "41"]
[EventDate "2008.09.20"]
[EventType "swiss"]
[EventRounds "9"]
[EventCountry "ESP"]
[SourceTitle "EXT 2009"]
[Source "ChessBase"]
[SourceDate "2008.11.26"]
[SourceVersion "1"]
[SourceVersionDate "2008.11.26"]
[SourceQuality "1"]

1. c4 g6 2. Nc3 Bg7 3. d4 f5 4. Nf3 Nf6 5. g3 0-0 6. Bg2 d6 7. 0-0 Nc6 8. e3 a6 9. Qe2 e5 10. d5 Ne7 11. Rd1 Qe8 12. Ng5 h6 13. Ne6 Bxe6 14. dxe6 e4 15. Nd5 Rc8 16. Rb1 Nc6 17. b3 Qxe6 18. Bb2 Ne5 19. Bxe5 Qxe5 20. Qb2 Qxb2 21. Rxb2 1-0